| 000 | 00494nam a22001817a 4500 | ||
|---|---|---|---|
| 003 | CEME | ||
| 005 | 20210628202835.0 | ||
| 008 | 210126b xxu||||| |||| 00| 0 eng d | ||
| 020 | _a81-219-0628-8 | ||
| 040 | _c. | ||
| 082 | _a621 KHU | ||
| 100 |
_aKhurmi, R . S Gupta , J . K _956621 |
||
| 245 | _aMechanical engineering conventional and objective type questions | ||
| 260 |
_aNEW DELHI _bS. CHAND _c2004 |
||
| 300 | _a805 P | ||
| 650 |
_aMECHANICAL ENGINEERING _920007 |
||
| 942 |
_cBK _2ddc |
||
| 999 |
_c571195 _d571195 |
||